000
00326nam a22001457a 4500
003
SGT
020
_a
978-81-8204-093-9
082
_a
658.3
_b
T15G
100
_a
GUPTA, R.C.
245
_a
TEXTBOOK OF HOTEL ENGINEERING
260
_a
NEW DELHI
_b
AMAN PUB
_c
2015
300
_a
217
650
_a
HOTEL MANAGEMENT
942
_2
ddc
_c
BK
999
_c
12976
_d
12976